Just Dance Songs With 1 Billion Views On Youtube - Statistics

General Stats
  • This quiz has been taken 68 times
    24 since last reset
  • The average score is 53 of 132
Answer Stats
Game Singer Song % Correct
JD16U ABBA Dancing Queen
82%
JD2 Aqua Barbie Girl
71%
JD18 Luis Fonsi Despacito
71%
JD20 Ariana Grande 7 rings
65%
JD15 Lady Gaga Bad Romance
65%
JD15 Pharrell Williams Happy
65%
JD22 Katy Perry Last Friday Night
65%
JD15 Ariana Grande Problem
65%
JD3 a-ha Take On Me
65%
JD14 Avicii Wake Me Up
65%
JD20 Billie Eilish bad guy
59%
JD4 Carly Rae Jepsen Call Me Maybe
59%
JD22 Sia Chandelier
59%
JD26 OneRepublic Counting Stars
59%
JD2 Katy Perry Firework
59%
JD17 Major Lazer, DJ Snake Lean On
59%
JD4 Rick Astley Never Gonna Give You Up
59%
JD18 Ed Sheeran Shape Of You
59%
JD16 Meghan Trainor All About That Bass
53%
JD16 Martin Garrix Animals
53%
JD26 Rose, Bruno Mars APT
53%
JD23 Evanesence Bring Me To Life
53%
JD21 Tones and I Dance Monkey
53%
JD15 Katy Perry Dark Horse
53%
JD24 Miley Cyrus Flowers
53%
JD4 PSY Gangnam Style
53%
JD19 Camila Cabello Havana
53%
JD17 Shakira Hips Don't Lie
53%
JD1 Katy Perry Hot N Cold
53%
JD20 Cardi B I Like It
53%
JD16 AronChupa I'm an Albatraoz
53%
JD17 Ariana Grande Into You
53%
JD19 Dua Lipa New Rules
53%
JD4 Jennifer Lopez On The Floor
53%
JD14 Katy Perry Roar
53%
JD26 Macklemore Thrift Shop
53%
JD17 David Geutta Titanium
53%
JD4 Rihanna Umbrella
53%
JD18 Bruno Mars 24K Magic
47%
JD20 Pinkfong Baby Shark
47%
JD22 BLACKPINK BOOMBAYAH
47%
JD15 Ariana Grande Break Free
47%
JD15 Ellie Goulding Burn
47%
JD24 BTS Butter
47%
JD14 Macklemore Can't Hold Us
47%
JD23 BTS Dynamite
47%
JD20 BLACKPINK Kill This Love
47%
JD23 Bruno Mars Locked Out Of Heaven
47%
JD23 Linkin Park Numb
47%
JD3 LMFAO Party Rock Anthem
47%
JD23 Imagine Dragons Radioactive
47%
JD17 will.i.am Scream & Shout
47%
JD14 LMFAO Sexy And I Know It
47%
JD18 Ariana Grande Side To Side
47%
JD17 Beyoncé Single Ladies (Put A Ring On It)
47%
JD17 Justin Bieber Sorry
47%
JD23 The Kid Laroi, Justin Bieber Stay
47%
JD19 Maroon 5 Sugar
47%
JD14 Pitbull Timber
47%
JD16 Mark Ronson Uptown Funk
47%
JD26 Coldplay Viva la Vida
47%
JD15 Jessie J Bang Bang
41%
JD22 Imagine Dragons Believer
41%
JD23 BTS Boy With Luv
41%
JD23 Justin Timberlake CAN'T STOP THE FEELING!
41%
JD19 BLACKPINK DDU-DU DDU-DU
41%
JD14 PSY Gentlemen
41%
JD24 BLACKPINK How You Like That
41%
JD17 Wham! Last Christmas
41%
JD20 Lil Nas X Old Town Road
41%
JD25 Miley Cyrus Party In The U.S.A.
41%
JD25 BLACKPINK Pink Venom
41%
JD25 Lady Gaga Poker Face
41%
JD4 Nicki Minaj Super Bass
41%
JD17 Fifth Harmony Worth It
41%
JD14 George Michael Careless Whisper
35%
JD16U OMI Cheerleader
35%
JD18 Auli'i Cravalho How Far I'll Go
35%
JD15 John Newman Love Me Again
35%
JD19 Ariana Grande no tears left to cry
35%
JD15 Stromae papaoutai
35%
JD4 Europe The Final Countdown
35%
JD15 Ylvis The Fox (What Does The Fox Say?)
35%
JD4 Bruno Mars The Lazy Song
35%
JD4 One Direction What Makes You Beautiful
35%
JD21 Eminem Without Me
35%
JD3 Britney Spears ...Baby One More Time
29%
JD22 Anuel AA China
29%
JD15 Rihanna Diamonds
29%
JD20 Aya Nakamura Djadja
29%
JD16 Iggy Azalea Fancy
29%
JD1 Cyndi Lauper Girls Just Want To Have Fun
29%
JD17 Carlos Vives La Bicicleta
29%
JD15 Indina Menzel Let It Go
29%
JD18U J Balvin, Willy William Mi Gente
29%
JD18U Sean Paul No Lie
29%
JD18 Clean Bandit Rockabye
29%
JD22 The Weeknd Save Your Tears
29%
JD15 Calvin Harris Summer
29%
JD18 Shakira Waka Waka
29%
JD17 Silento Watch Me
29%
JD25 Usher Yeah!
29%
JD4 Justin Bieber Beauty And A Beat
24%
JD24 Rema Calm Down
24%
JD17 Sia Cheap Thrills
24%
JD20 Rosalia, J Balvin Con Altura
24%
JD20 Daddy Yankee, Snow Con Calma
24%
JD1 Survivor Eye Of The Tiger
24%
JD17U Calvin Harris How Deep Is Your Love
24%
JD23U Karol G Provenza
24%
JD20 Pitbull Rain Over Me
24%
JD21 Shawn Mendes Senorita
24%
JD15 Enrique Iglesias Bailando
18%
JD17 The Weeknd Can't Feel My Face
18%
JD18 Shakira Chantaje
18%
JD19U Natti Natasha Criminal
18%
JD18U El Chombo Dame Tu Cosita
18%
JD14DLC Swedish House Mafia Don't You Worry Child
18%
JD16 David Guetta Hey Mama
18%
JD19 The Weeknd I Feel It Coming
18%
JD17U DJ Snake Let Me Love You
18%
JD14 Daddy Yankee Limbo
18%
JD19U Becky G Mayores
18%
JD20 DJ Snake Taki Taki
18%
JD21U Karol G Tusa
18%
JD15 Miley Cyrus We Can't Stop
18%
JD19 MC Fioti Bum Bum Tam Tam
12%
JD17U The Chainsmokers Don't Let Me Down
12%
JD19 Daddy Yankee Shaky Shaky
12%
JD19 Anthony Gonzalez, Gael García Bernal Un Poco Loco
12%
JD20U Nicky Jam X
12%
JD21 Daddy Yankee Que Tire Pa Lante
6%
No matching quizzes found
Score Distribution
Percent of People with Each Score
Percentile by Number Answered
Your Score History
You have not taken this quiz since the last reset